«Հայկական հարց» / (Record no. 172747)
[ view plain ]
| 000 -LEADER | |
|---|---|
| fixed length control field | 00889nam a2200229 a 4500 |
| 001 - CONTROL NUMBER | |
| control field | 000472272 |
| 003 - CONTROL NUMBER IDENTIFIER | |
| control field | AM-YEHGA |
| 005 - DATE AND TIME OF LATEST TRANSACTION | |
| control field | 20250618072538.0 |
| 008 - FIXED-LENGTH DATA ELEMENTS--GENERAL INFORMATION | |
| fixed length control field | 060125s2005 ai r 000 0 arm d |
| 040 ## - CATALOGING SOURCE | |
| Original cataloging agency | AM-YeHGA |
| 041 0# - LANGUAGE CODE | |
| Language code of text/sound track or separate title | arm |
| 090 ## - LOCALLY ASSIGNED LC-TYPE CALL NUMBER (OCLC); LOCAL CALL NUMBER (RLIN) | |
| -- | 174186 |
| 100 1# - MAIN ENTRY--PERSONAL NAME | |
| Personal name | Իսահակյան, Ավետիք Սահակի, |
| Dates associated with a name | 1875-1957 |
| 9 (RLIN) | 963 |
| 245 11 - TITLE STATEMENT | |
| Title | «Հայկական հարց» / |
| Statement of responsibility, etc. | Ա. Իսահակյան ; Կազմ., խմբ. և առաջաբ.՝ Ա. Իսահակյան. |
| 260 ## - PUBLICATION, DISTRIBUTION, ETC. | |
| Place of publication, distribution, etc. | Երևան : |
| Name of publisher, distributor, etc. | Վարպետ, |
| Date of publication, distribution, etc. | 2005. |
| 300 ## - PHYSICAL DESCRIPTION | |
| Extent | 120 էջ : |
| Other physical details | դիմանկ. |
| 650 14 - SUBJECT ADDED ENTRY--TOPICAL TERM | |
| Topical term or geographic name entry element | Հայ գրականություն |
| General subdivision | Խոհեր |
| 650 10 - SUBJECT ADDED ENTRY--TOPICAL TERM | |
| Topical term or geographic name entry element | Հայոց պատմություն |
| 653 0# - INDEX TERM--UNCONTROLLED | |
| Uncontrolled term | Հայկական հարցը և Ավ. Իսահակյանը |
| 700 1# - ADDED ENTRY--PERSONAL NAME | |
| Personal name | Իսահակյան, Ավիկ Վիգենի, |
| Dates associated with a name | 1944- |
| Relator term | կազմ. |
| -- | com |
| Relationship | խմբ. |
| Relator term | edt |
| Relationship | առաջաբ. |
| -- | aui |
| 9 (RLIN) | 964 |
| 942 00 - ADDED ENTRY ELEMENTS (KOHA) | |
| Source of classification or shelving scheme | Universal Decimal Classification |
| Koha item type | Գրքեր / Books |
| Withdrawn status | Lost status | Source of classification or shelving scheme | Damaged status | Not for loan | Collection | Home library | Current library | Date acquired | Total checkouts | Full call number | Barcode | Date last seen | Price effective from | Koha item type | Public note | Cost, normal purchase price |
|---|---|---|---|---|---|---|---|---|---|---|---|---|---|---|---|---|
| Universal Decimal Classification | General | Fundamental Scientific Library | Fundamental Scientific Library | 28/12/2016 | AI/20565 | 210020565 | 28/12/2016 | 28/12/2016 | Գրքեր / Books | 30 Days Loan | ||||||
| Universal Decimal Classification | General | Fundamental Scientific Library | Fundamental Scientific Library | 28/12/2016 | AI/20625 | 210020625 | 28/12/2016 | 28/12/2016 | Գրքեր / Books | 30 Days Loan | ||||||
| Universal Decimal Classification | General | Fundamental Scientific Library | Fundamental Scientific Library | 28/12/2016 | AI/20692 | 210020692 | 28/12/2016 | 28/12/2016 | Գրքեր / Books | 30 Days Loan | 450.00 | |||||
| General | Fundamental Scientific Library | Fundamental Scientific Library | 02/11/2021 | AI/21564 | FL0663554 | 02/11/2021 | 02/11/2021 | Գրքեր / Books | 30 Days Loan | |||||||
| General | Fundamental Scientific Library | Fundamental Scientific Library | 21/03/2022 | AI/21588 | FL0675235 | 21/03/2022 | 21/03/2022 | Գրքեր / Books | 30 Days Loan | |||||||
| General | Fundamental Scientific Library | Fundamental Scientific Library | 21/03/2022 | AI/21589 | FL0675236 | 21/03/2022 | 21/03/2022 | Գրքեր / Books | 30 Days Loan | |||||||
| General | Fundamental Scientific Library | Fundamental Scientific Library | 21/03/2022 | AII/21590 | FL0675237 | 21/03/2022 | 21/03/2022 | Գրքեր / Books | 30 Days Loan |
ՀՀ Գիտությունների ազգային ակադեմիայի հիմնարար գիտական գրադարան = Fundamental Scientific Library of NAS RA
All site content, except where otherwise noted, is licensed under a